Normal view MARC view

Entry Topical Term

Number of records used in: 1

001 - CONTROL NUMBER

  • control field: 18616

003 - CONTROL NUMBER IDENTIFIER

  • control field: AUA.1

005 - DATE AND TIME OF LATEST TRANSACTION

  • control field: 20120111113911.0

008 - FIXED-LENGTH DATA ELEMENTS

  • fixed length control field: 120111|||a|||||| | ||| d

040 ## - CATALOGING SOURCE

  • Original cataloging agency: AUA.1
  • Transcribing agency: AUA.1

150 ## - HEADING--TOPICAL TERM

  • Topical term or geographic name as entry element: The Achor Bible:
  • Form subdivision: First Corinthians/

670 ## - SOURCE DATA FOUND

  • Source citation: Work cat.: (AUA.1): Fitzmyer, A. Joseph 18615, The Achor Bible:, 2008